Webový portál pre výskum GPS trajektórií

Uložené v:
Podrobná bibliografia
Hlavný autor: Belko, Andrej (Autor)
Ďalší autori: Čavojský, Maroš (Vedúci práce)
Médium: Rukopis Kniha
Jazyk:Slovak
Vydavateľské údaje: 2025
Predmet:
On-line prístup:http://is.stuba.sk/zp/portal_zp.pl?podrobnosti=184365
Tagy: Pridať tag
Žiadne tagy, Buďte prvý, kto otaguje tento záznam!

MARC

LEADER 00000ntm a22000003a 4500
001 stuzp103073
003 SK-STU
005 20250614211945.0
007 ta
008 150427s2015----xo-----f-mn---000-0-slo-d
040 |a STU  |b slo 
041 0 |a slo 
100 1 |a Belko, Andrej  |u 035000  |4 aut  |U FEI Fakulta elektrotechniky a informatiky  |T FEI Ústav informatiky a matematiky  |X 111971  |U E050  |Y 816  |7 111971 
242 0 1 |a Web portal for GPS trajectory research  |y eng 
245 1 0 |a Webový portál pre výskum GPS trajektórií 
260 |c 2025 
650 4 |a research  |2 eng 
650 4 |a GPS  |2 eng 
650 4 |a web portal  |2 eng 
650 4 |a trajectory  |2 eng 
650 4 |a GPS  |2 slo 
650 4 |a webový portál  |2 slo 
650 4 |a výskum  |2 slo 
650 4 |a trajektória  |2 slo 
700 1 |a Čavojský, Maroš  |u 035000  |k Z1  |4 ths  |U FEI Fakulta elektrotechniky a informatiky  |T FEI Ústav informatiky a matematiky  |X 64790  |U E050  |Y 816  |7 A000064790 
856 4 |u http://is.stuba.sk/zp/portal_zp.pl?podrobnosti=184365